[Event "TCh-SLO"]
[Site "Celje SLO"]
[Date "2004.12.04"]
[Round "8"]
[White "Beliavsky,A"]
[Black "Jelen,Ig"]
[Result "1/2-1/2"]
[WhiteElo "2660"]
[BlackElo "2346"]

1.c4 c5 2.Nf3 Nf6 3.Nc3 d5 4.cxd5 Nxd5 5.d4 Nxc3 6.bxc3 g6 7.h4 Bg7 8.h5 cxd4
9.cxd4 Nc6 10.e3 e5 11.hxg6 hxg6 12.Rxh8+ Bxh8 13.Bc4 exd4 14.Qb3 Qc7 15.Bb2 Bg4
16.Bd5 O-O-O 17.Bxc6  1/2-1/2

[Event "ch-IND"]
[Site "Visakhapatnam IND"]
[Date "2004.12.05"]
[Round "2"]
[White "Suvrajit,S"]
[Black "Konguvel,P"]
[Result "1/2-1/2"]
[WhiteElo "2395"]
[BlackElo "2403"]

1.Nf3 Nf6 2.c4 g6 3.Nc3 c5 4.g3 b6 5.Bg2 Bb7 6.O-O Bg7 7.d4 cxd4 8.Qxd4 d6
9.Be3 Nbd7 10.Rac1 Rc8 11.b3 O-O 12.Qh4 a6 13.Bh6 Rc5 14.Bxg7 Kxg7 15.a4 Qa8
16.Qd4 Rfc8 17.Rcd1 Ne5 18.Qe3 R8c7 19.Ne1 Bxg2 20.Nxg2 Qc6 21.f3 e6 22.Nf4 Rd7
23.Nd3  1/2-1/2

[Event "Open"]
[Site "Banja Luka BIH"]
[Date "2004.12.06"]
[Round "3"]
[White "Djukic,B"]
[Black "Milanovic,Da"]
[Result "0-1"]
[WhiteElo "2265"]
[BlackElo "2434"]

1.Nf3 c5 2.c4 Nf6 3.Nc3 d5 4.cxd5 Nxd5 5.e4 Nb4 6.d3 Bg4 7.a3 Bxf3 8.Qa4+ N4c6
9.gxf3 e6 10.Be3 Nd7 11.f4 Be7 12.Bg2 Nb6 13.Qd1 Qd7 14.Qe2 Nd4 15.Bxd4 cxd4
16.Na2 O-O 17.O-O Na4 18.Qd2 Qb5 19.b4 a5 20.Rac1 axb4 21.axb4 Qa6 22.Rc2 Nc3
23.Rb2 Qxa2 24.Rxa2 Rxa2 25.Qe1 Bxb4 26.Kh1 b5 27.e5 Be7 28.f5 exf5 29.Qc1 g5
30.Bh3 f4 31.Rg1 Rxf2 32.Qa1 Ra2 33.Qf1 Kh8 34.Bf5 h6 35.Qf3 Kg7 36.Qh5 Ne2
37.Re1 f3 38.Qxf3 Nf4 39.Qb7 Bb4 40.Rf1 Re2 41.Qb6 Rxe5 42.Qxd4 Re8 43.Bd7 Re7
44.Bxb5 Bc5 45.Qb2 Ne2 46.Rf5 Nd4 47.Rxe5 Rxe5 48.Qc3 g4 49.Qc4 h5 50.Bd7 f5
51.Be8 Ne6 52.Kg2 Kf6  0-1

[Event "Open"]
[Site "Banja Luka BIH"]
[Date "2004.12.06"]
[Round "3"]
[White "Jakovljevic,Vlado"]
[Black "Kovacevic,A"]
[Result "0-1"]
[WhiteElo "2410"]
[BlackElo "2556"]

1.Nf3 c5 2.c4 Nf6 3.Nc3 d5 4.cxd5 Nxd5 5.d4 Nxc3 6.bxc3 g6 7.e3 Bg7 8.Bd3 O-O
9.O-O Qc7 10.Qe2 b6 11.Bb2 Bb7 12.e4 e6 13.e5 Rd8 14.Rad1 cxd4 15.cxd4 Bd5
16.Ng5 Nc6 17.Ne4 Qe7 18.Bb1 Rac8 19.Qe3 Bxe4 20.Bxe4 Qb4 21.Ba1 Qa4 22.Rc1 Nb4
23.a3 Nc2 24.Rxc2 Rxc2 25.Bxc2 Qxc2 26.Rc1 Qa2 27.Qc3 Bh6 28.Qc7 Rd5 29.Rf1 Qxa3
30.g3 b5 31.Qc2 a5 32.Bc3 b4 33.Bb2 Qf3 34.Ra1 Bg5 35.Qc6 Kg7 36.h4 Bd8 37.Rc1 Qb3
38.Ba1 h5 39.Qe8 Qa3 40.Rf1 a4 41.Kg2 b3 42.Bc3 b2 43.Bd2 Qe7 44.Qxa4 Qb7  0-1

[Event "ch-IND"]
[Site "Visakhapatnam IND"]
[Date "2004.12.06"]
[Round "3"]
[White "Prathamesh,S"]
[Black "Venkatesh,M"]
[Result "1/2-1/2"]
[WhiteElo "2390"]
[BlackElo "2450"]

1.c4 c5 2.Nc3 Nf6 3.Nf3 b6 4.e3 Bb7 5.Be2 g6 6.b3 Bg7 7.Bb2 O-O 8.O-O d5
9.d4 Nbd7 10.Qc2 Rc8 11.Rac1 cxd4 12.Nxd4 dxc4 13.Bxc4 a6 14.a4 Ne5 15.Be2 Qd6
16.h3 Qb8 17.Rfd1 Ne4 18.Qb1 Nd6 19.Bf1 Qa8 20.Qa1 g5 21.Nce2 Rxc1 22.Nxc1 Ng6
23.Nd3 Rd8 24.Ne1 Ne4 25.Nef3 Bf6 26.Rc1 Nd6 27.Ne1 Re8 28.Rd1 Rd8 29.Rc1 Rc8
30.Rd1 Rd8  1/2-1/2

[Event "It"]
[Site "Legnica POL"]
[Date "2004.12.07"]
[Round "6"]
[White "Cyborowski,L"]
[Black "Laznicka,V"]
[Result "1-0"]
[WhiteElo "2564"]
[BlackElo "2478"]

1.Nf3 Nf6 2.c4 c5 3.Nc3 e6 4.g3 b6 5.Bg2 Bb7 6.O-O a6 7.Re1 d6 8.e4 Be7 9.d4 cxd4
10.Nxd4 Qc7 11.Be3 O-O 12.Rc1 Nbd7 13.f4 Rfe8 14.g4 Nc5 15.Bf2 g6 16.b4 Rad8
17.Qf3 Ncd7 18.Nd5 exd5 19.cxd5 Qb8 20.Nc6 Qa8 21.e5 dxe5 22.fxe5 Nxd5 23.e6 fxe6
24.Rxe6 Nf8 25.Nxd8 Qxd8 26.Re5 Bc5 27.bxc5 Rxe5 28.c6 Bc8 29.Rd1 Be6 30.Bg3 Rg5
31.Bh4 Kg7 32.c7 Qxc7 33.Bxg5  1-0

[Event "ch-GRE w"]
[Site "Athens GRE"]
[Date "2004.12.10"]
[Round "7"]
[White "Papadopoulou,V"]
[Black "Petraki,M"]
[Result "0-1"]
[WhiteElo "2227"]
[BlackElo "2108"]

1.c4 Nf6 2.Nf3 g6 3.Nc3 c5 4.d4 cxd4 5.Nxd4 Nc6 6.e4 Nxd4 7.Qxd4 d6 8.f3 Bg7
9.Be3 O-O 10.Qd2 Be6 11.Rc1 a6 12.b3 Rc8 13.Be2 Qa5 14.Nd5 Qxd2+ 15.Kxd2 Nxd5
16.cxd5 Bd7 17.Bd3 h5 18.Bg5 f6 19.Be3 Kf7 20.Rhf1 f5 21.g4 Rxc1 22.Kxc1 hxg4
23.fxg4 Rh8 24.exf5 g5 25.Bxg5 Rxh2 26.Bd2 Rh3 27.Be4 Bb5 28.Re1 Bd4 29.Kc2 Bf2
30.Rc1 Kf6 31.Bf4 Rh4 32.Bf3 Rh3 33.Bg2 Rh8 34.Kd2 Rh4 35.Bf3 Rh3 36.Be4 Rh4
37.Bf3 Rh3 38.Bd1 Bh4 39.a4 Bf1 40.Rc7 Rd3+ 41.Kc2 Rxd5 42.Rxb7 Rc5+ 43.Kb2 Bd3
44.Bd2 Ke5 45.Rb4 Kf6 46.Rd4 Bf1 47.Re4 Bd3 48.Re3 Bf1 49.Bc2 Kf7 50.b4 Rc7
51.Re6 Bf6+ 52.Kb1 Bc4 53.Re1 Ba2+ 54.Kxa2 Rxc2+ 55.Kb3 Rxd2 56.b5 axb5 57.axb5 Rb2+
58.Ka4 Bd4 59.g5 Rf2 60.g6+ Ke8 61.Re4 Bc5 62.g7 Rg2 63.f6 e5 64.Rh4 Kf7
65.Rh8 d5 66.Rc8 Bd6 67.b6 d4 68.b7 d3 69.b8=Q Bxb8 70.Rxb8 d2 71.Rd8 Kxf6
72.Rxd2 Rxg7 73.Rf2+ Ke6 74.Kb3 Rc7 75.Rc2 Rxc2 76.Kxc2 Kf5 77.Kd2 Kf4 78.Ke2 Ke4
79.Kf2 Kd3 80.Ke1 Ke3 81.Kf1 Kd2  0-1

[Event "Bykova Mem"]
[Site "Vladimir RUS"]
[Date "2004.12.10"]
[Round "4"]
[White "Sharevich,A"]
[Black "Kursova,M"]
[Result "1/2-1/2"]
[WhiteElo "2266"]
[BlackElo "2315"]

1.Nf3 c5 2.c4 Nf6 3.Nc3 e6 4.g3 b6 5.Bg2 Bb7 6.O-O Be7 7.Re1 d6 8.e4 a6 9.d4 cxd4
10.Nxd4 Qc7 11.Be3 O-O 12.Rc1 Nbd7 13.f4 Rfe8 14.b3 Rac8 15.g4 Nf8 16.g5 N6d7
17.Qg4 Qb8 18.Qg3 Nc5 19.Bf2 Ng6 20.b4 Nd7 21.f5 exf5 22.exf5 Nge5 23.Nd5 Bf8
24.Nf4 Bxg2 25.Qxg2 Rxc4 26.g6 hxg6 27.fxg6 Rxc1 28.Rxc1 Nf6 29.gxf7+ Nxf7
30.Nfe6 Nd8 31.Nxf8 Kxf8 32.Nf5 Ne6 33.Bg3 Qa8 34.Bxd6+ Kf7 35.Qf2 Rc8 36.Re1 Qd5
37.Bg3 Rc3 38.Nd6+ Kg6 39.Be5 Rf3 40.Qg2+ Kh7 41.Bxf6 gxf6 42.Ne4 Qd4+ 43.Kh1 Qxb4
44.Nd2 Rd3 45.Qb7+ Kg6 46.Rg1+ Ng5 47.Ne4 Qb5 48.Nxg5 fxg5 49.Qe4+ Qf5 50.Qe8+ Kg7
51.Qe7+ Kh6 52.Re1 Rd1 53.Rxd1 Qf3+ 54.Kg1 Qxd1+ 55.Kg2 Qd5+ 56.Kf1 Qb5+
57.Kg2 Qc6+ 58.Kg3 Kg6 59.Qd8 a5 60.Qg8+ Kf5 61.Qf7+ Qf6 62.Qd7+ Ke5 63.Qb5+ Ke4
64.Qe2+ Kf5 65.Qd3+ Ke6 66.Qc4+ Kd6 67.Qd3+ Kc7 68.Qc4+ Kb8 69.Qg8+ Ka7 70.Qd5 Qf4+
71.Kg2 a4 72.h3 Ka6 73.a3 Qc1 74.Qa8+ Kb5 75.Qd5+ Qc5 76.Qd3+ Ka5 77.Kg3 Qe5+
78.Kg4 Qf4+ 79.Kh5 b5 80.Qd8+ Ka6 81.Qa8+ Kb6 82.Qd8+ Kc6 83.Qe8+ Kc5 84.Qe7+ Kd5
85.Qd7+ Kc5 86.Qe7+ Kd5 87.Qd7+ Kc4 88.Qc6+ Kb3 89.Qxb5+ Kxa3 90.Qd3+ Kb4
91.Qb1+ Ka5 92.Qe1+ Kb5 93.Qe8+ Kc5 94.Qe7+ Kd4 95.Qb4+ Ke3 96.Qe1+ Kf3 97.Qf1+ Kg3
98.Qg1+ Kxh3 99.Qh1+ Kg3 100.Qg1+ Kf3 101.Qf1+ Ke3 102.Qe1+ Kd3 103.Qd1+ Kc3
104.Qa1+ Kb3 105.Qb1+ Kc4 106.Qa2+ Kc5 107.Qc2+ Kd5 108.Qd3+ Ke5 109.Qb5+ Kf6
110.Qc6+ Kf5 111.Qd7+ Kf6 112.Qc6+ Kf7 113.Qd7+ Kf6 114.Qc6+ Kg7 115.Qg6+ Kf8
116.Qa6 g4 117.Kg6 Qf7+ 118.Kg5 Qg7+ 119.Kf5 Qd7+ 120.Kf4 Ke7 121.Qa5 Qd4+
122.Kg5 Kd7 123.Qb5+ Kc7 124.Qa5+ Kc6 125.Qa6+ Kd5 126.Qa8+ Ke6 127.Qc8+ Kd6
128.Qd8+ Kc5 129.Qa5+ Kc6 130.Qa6+ Kd5 131.Qa8+ Kc5 132.Qa5+ Kc6 133.Qa6+ Kc7
134.Qa5+ Kc6 135.Qa6+ Kc7 136.Qa5+ Qb6 137.Qxa4 g3 138.Qf4+ Qd6 139.Qc4+ Kb6
140.Qb3+ Ka5 141.Qa2+ Kb4 142.Qb2+ Ka4 143.Qc2+ Kb4  1/2-1/2

[Event "Region Champ"]
[Site "Voronezh RUS"]
[Date "2004.12.10"]
[Round "8"]
[White "Provotorov,I"]
[Black "Rodin,D"]
[Result "1/2-1/2"]
[WhiteElo "2334"]
[BlackElo "2421"]

1.c4 c5 2.Nf3 Nf6 3.Nc3 g6 4.g3 b6 5.Bg2 Bb7 6.O-O Bg7 7.d4 cxd4 8.Qxd4 O-O
9.Qh4 d6 10.Rd1 Nbd7 11.Bg5 Rc8 12.b3 Rc5 13.b4 Rc8 14.Rac1 Re8 15.Nd5 Nxd5
16.cxd5 Rxc1 17.Bxc1 Qc7 18.Nd4 Qc4 19.Nc6 Qxe2 20.Rf1 Ne5 21.a4 Nf3+ 22.Bxf3 Qxf3
23.Qc4 e6 24.Re1 Rc8 25.b5 exd5 26.Ne7+ Kf8 27.Qf4 Qxf4 28.Bxf4 Rd8 29.Nc6 Bxc6
30.bxc6 Be5 31.Bh6+ Kg8 32.Kf1 Rc8 33.Rc1 f5 34.Ke2 Bd4 35.Kd3 Bc5 36.Re1 Kf7
37.Bg5 Rxc6 38.Re7+ Kf8 39.Rd7 Rc8 40.Rxh7 Re8 41.Rxa7 Bxf2 42.Bh6+ Kg8 43.Rg7+ Kh8
44.Rxg6 Bc5 45.Rf6 Re4  1/2-1/2

[Event "Open"]
[Site "Ashdod ISR"]
[Date "2004.12.12"]
[Round "4"]
[White "Lerner,K"]
[Black "Rodkin,R"]
[Result "1-0"]
[WhiteElo "2504"]
[BlackElo "2253"]

1.c4 c5 2.Nf3 Nf6 3.Nc3 d5 4.cxd5 Nxd5 5.e3 Nc6 6.d4 cxd4 7.exd4 e6 8.Bc4 Be7
9.O-O a6 10.Re1 O-O 11.Bb3 Bf6 12.Ne4 Be7 13.a3 b6 14.Qd3 f6 15.Nc3 Rf7 16.h4 g6
17.Qe4 f5 18.Qd3 Qd6 19.Ne5 Nxc3 20.Nxf7 Qxd4 21.Nh6+ Kg7 22.Qxc3 Bxh4 23.Qc2 Qd6
24.Be3 Bb7 25.Rad1 Qe7 26.Bxb6 Kxh6 27.Rxe6 Qg5 28.Bd5  1-0

[Event "ch-IND"]
[Site "Visakhapatnam IND"]
[Date "2004.12.12"]
[Round "11"]
[White "Shetty,R"]
[Black "Ganguly,S"]
[Result "0-1"]
[WhiteElo "2369"]
[BlackElo "2559"]

1.Nf3 Nf6 2.c4 c5 3.Nc3 d5 4.cxd5 Nxd5 5.d4 Nxc3 6.bxc3 g6 7.e4 Bg7 8.Be3 Qa5
9.Qd2 Nc6 10.Rb1 a6 11.Rc1 cxd4 12.cxd4 Qxd2+ 13.Kxd2 f5 14.exf5 Bxf5 15.Bd3 O-O
16.Bxf5 Rxf5 17.Rc4 Rd8 18.Ke2 Rb5 19.Rd1 Rb2+ 20.Rd2 Rxd2+ 21.Kxd2 e5 22.Kc3 exd4+
23.Nxd4 Nxd4 24.Bxd4 b5 25.Bxg7 bxc4 26.Bd4 Rc8 27.g4 Kf7 28.f4 Ke6 29.Bg7 Kd5
30.f5 gxf5 31.gxf5 Rc7 32.f6 Ke6 33.Bh8 Rc8 34.Bg7 h5 35.h4 Kf7 36.Kc2 Kg6
37.Kc3 Kh7  0-1

[Event "ch-Marshall CC"]
[Site "New York USA"]
[Date "2004.12.14"]
[Round "4"]
[White "Gonzales,Jay"]
[Black "Sarkar,J"]
[Result "1-0"]
[WhiteElo "2422"]
[BlackElo "2386"]

1.Nf3 Nf6 2.c4 c5 3.Nc3 d5 4.cxd5 Nxd5 5.d4 Nxc3 6.bxc3 g6 7.Qb3 Bg7 8.e3 O-O
9.Be2 Nd7 10.O-O b6 11.a4 Qc7 12.a5 Rb8 13.axb6 axb6 14.Bb2 Bb7 15.Ra7 Ra8
16.Rfa1 e6 17.Nd2 Rxa7 18.Rxa7 Ra8 19.Qa4 Rxa7 20.Qxa7 cxd4 21.exd4 Qf4 22.Bc1 Bc6
23.g3 Qb8 24.Qxb8+ Nxb8 25.Nc4 Nd7 26.Bf4 Nf6 27.Nxb6 Ne4 28.Bf3 Nxc3 29.Bxc6 Ne2+
30.Kg2 Nxf4+ 31.gxf4 Bxd4 32.Nc4 Kg7 33.Ne5 Bc5 34.Kf3 Bd4 35.Be8 Kf8 36.Ba4 Ba7
37.h3 Bd4 38.Kg3 Ba7 39.Bb5 Bd4 40.Nf3 Bc3 41.Ng5 h6 42.Ne4 Bb4 43.Nf6 Bc3
44.Ng4 Kg7 45.Kf3 Bd2 46.Be8 Kf8 47.Ba4 Kg7 48.Ne5 Kf8 49.Bd7 Ke7 50.Bc8 Kf6
51.Ba6 Kg7 52.Bb5 Kf8 53.Ng4 Kg7 54.Bd7 Bc3 55.Ke3 Bb2 56.Ne5 Kf8 57.Bxe6 fxe6
58.Nxg6+ Kg7 59.Ne5 h5 60.Ke4 Kf6 61.Nd7+ Ke7 62.Nc5 Kf6 63.Nd7+ Ke7 64.Nb6 Kf6
65.Nc4 Bc3 66.Ne3 Be1 67.Kf3 Kg6 68.Nf1 Kf6 69.Ke3 Kf5 70.Ng3+ Kg6 71.Kf3 Bd2
72.Ke4 Be1 73.Ke5 Bxf2 74.Ne4 Be3 75.Nd6 Bc1 76.Nb7 Bd2 77.Nd8 Bc3+ 78.Kxe6 Bf6
79.Nc6 Bh4 80.Ne5+ Kg7 81.Nd7  1-0

[Event "Open"]
[Site "Zadar CRO"]
[Date "2004.12.14"]
[Round "3"]
[White "Cvitan,O"]
[Black "Bilobrk,F"]
[Result "1/2-1/2"]
[WhiteElo "2532"]
[BlackElo "2328"]

1.c4 c5 2.Nf3 Nf6 3.Nc3 e6 4.g3 b6 5.Bg2 Bb7 6.O-O Be7 7.Re1 d6 8.e4 a6 9.d4 cxd4
10.Nxd4 Qc7 11.Be3 Nbd7 12.f4 O-O 13.Rc1 Rac8 14.f5 e5 15.Nb3 Qb8 16.Qe2 Rc7
17.Nd2 Rfc8 18.a4 h6 19.Bf3 Bc6 20.Ra1 Bb7 21.h4 Re8 22.Kh2 Nc5 23.Bf2 Bc6
24.Reb1 a5 25.b3 Rb7 26.Rg1 Qd8 27.Rad1 Kf8 28.Rg2 Nfd7 29.Rh1 Nb8 30.Kg1 Nba6
31.Na2 Nb4 32.Nxb4 axb4 33.Qe3 Ra7 34.g4 f6 35.Bd1 Qa8 36.Bc2 Bd8 37.Kh2 Rf7
38.Rd1 Qb7 39.Be1 Kg8 40.Re2 Bc7 41.Nf1 Na6 42.Ng3 Rd8 43.Rg2 Bb8 44.Bd2 Rc8
45.Re1 d5 46.exd5 Bxd5 47.Be4 Bc6 48.Bxc6 Qxc6 49.Ne4 Rd8 50.g5 fxg5 51.hxg5 hxg5
52.Qxg5 Rd4 53.Rg4 Nc5 54.Bxb4 Nd3 55.Reg1 Nxb4 56.Qxg7+ Rxg7 57.Rxg7+ Kh8
58.Rg8+ Kh7 59.R1g7+ Kh6 60.Rg4 Kh7 61.f6 Rd7 62.Rxb8  1/2-1/2

[Event "BC Masters"]
[Site "Bois Colombes FRA"]
[Date "2004.12.20"]
[Round "2"]
[White "Shchekachev,A"]
[Black "Okhotnik,V"]
[Result "1/2-1/2"]
[WhiteElo "2546"]
[BlackElo "2426"]

1.Nf3 Nf6 2.c4 c5 3.Nc3 d5 4.cxd5 Nxd5 5.e4 Nxc3 6.dxc3 Qxd1+ 7.Kxd1 Bg4
8.Be3 Nd7 9.Kc2 O-O-O 10.Nd2 e5 11.Bc4 Bh5 12.f3 Bg6 13.Rhd1 Be7 14.a4 Rhf8
15.a5 f5 16.Bd3 f4 17.Bf2 Bf7 18.Bc4 Be8 19.Be6 Rf6 20.Bf5 Rh6 21.Bg1 Bf7
22.b3 Be6 23.Bxe6 Rxe6 24.Nc4 Rg6 25.Rd2 Nb8 26.Rad1 Rxd2+ 27.Rxd2 Nc6 28.Kd1 Kc7
29.Ke1 b5 30.axb6+ axb6 31.Na3 Na7 32.Nc4 Nc6 33.Na3  1/2-1/2

[Event "Open"]
[Site "Pamplona ESP"]
[Date "2004.12.22"]
[Round "2"]
[White "Ivanov,J"]
[Black "Torres Calvo,M"]
[Result "1-0"]
[WhiteElo "2395"]
[BlackElo "1955"]

1.Nf3 c5 2.c4 Nf6 3.Nc3 e6 4.e3 Nc6 5.d4 cxd4 6.exd4 d5 7.cxd5 exd5 8.Bb5 a6
9.Bxc6+ bxc6 10.O-O Be7 11.Qa4 Bb7 12.Qb3 Ra7 13.Bg5 O-O 14.Rfe1 Bd6 15.Na4 h6
16.Bxf6 Qxf6 17.Qb6 Bb8 18.Ne5 Ba8 19.Rac1 Re7 20.Nf3 Ba7 21.Qxa6 Rxe1+ 22.Rxe1 Bxd4
23.Nxd4 Qxd4 24.Nb6 Qb4 25.Rd1 Qb5 26.Qxb5 cxb5 27.Nxd5 Kh7 28.Nb4 Re8 29.Kf1 Re4
30.a3 Re5 31.f3 Re8 32.Rd6 Rb8 33.Kf2 g5 34.Kg3 h5 35.h4 g4 36.fxg4 hxg4
37.Nd5 Kg7 38.Nf6 b4 39.a4 b3 40.Nxg4 Rb4 41.Ne3 Be4 42.a5 Rb5 43.Rb6 Rxa5
44.Rxb3 Ra1 45.Rb4 Ba8 46.Kf4 Rg1 47.g4 Bc6 48.Nf5+ Kh7 49.Rd4  1-0

[Event "13th Donau Open"]
[Site "Aschach AUT"]
[Date "2004.12.27"]
[Round "3"]
[White "Szuhanek,R"]
[Black "Steiner,S"]
[Result "1-0"]
[WhiteElo "2451"]
[BlackElo "2159"]

1.Nf3 Nf6 2.c4 e6 3.Nc3 c5 4.g3 b6 5.Bg2 Bb7 6.O-O a6 7.Re1 Qc7 8.e4 d6 9.d4 cxd4
10.Nxd4 Be7 11.Be3 Nbd7 12.Rc1 Rc8 13.f4 Qb8 14.Qe2 O-O 15.Bf2 Rc7 16.f5 Rfc8
17.fxe6 fxe6 18.Bh3 Nf8 19.Nxe6 Rxc4 20.Nxf8 Kxf8 21.Bxc8 Qxc8 22.Qf1 b5
23.Nd5 Nxd5 24.exd5 Bxd5 25.Bd4+  1-0

[Event "Czech Christmas"]
[Site "Litomysl CZE"]
[Date "2004.12.27"]
[Round "2"]
[White "Luch,M"]
[Black "Srba,M"]
[Result "1/2-1/2"]
[WhiteElo "2364"]
[BlackElo "2144"]

1.Nf3 e6 2.c4 c5 3.Nc3 Nf6 4.e4 Nc6 5.d4 cxd4 6.Nxd4 Bb4 7.Nxc6 bxc6 8.Bd3 e5
9.Bd2 a5 10.O-O O-O 11.a3 Bc5 12.Qe2 h6 13.Kh1 Re8 14.Na4 Bd4 15.c5 d6 16.Nb6 Rb8
17.Bxa5 Bxc5 18.Nc4 Qe7 19.Bc3 Ng4 20.h3 Qh4 21.Kg1 d5 22.hxg4 Bxg4 23.Qc2 dxc4
24.Bxc4 Qg5 25.Be2  1/2-1/2

[Event "13th Donau Open"]
[Site "Aschach AUT"]
[Date "2004.12.28"]
[Round "4"]
[White "Stanec,N"]
[Black "Jurek,J"]
[Result "1/2-1/2"]
[WhiteElo "2560"]
[BlackElo "2367"]

1.c4 Nf6 2.Nc3 c5 3.Nf3 e6 4.d4 cxd4 5.Nxd4 Bb4 6.Nb5 d5 7.Bf4 O-O 8.a3 Bxc3+
9.Nxc3 d4 10.Nb5 Nc6 11.Bc7  1/2-1/2

[Event "Stepchev Memorial"]
[Site "Kiev UKR"]
[Date "2004.12.29"]
[Round "9"]
[White "Nogin,N"]
[Black "Leshchenko,V"]
[Result "1-0"]
[WhiteElo "2364"]
[BlackElo "2145"]

1.Nf3 c5 2.c4 Nf6 3.Nc3 e6 4.g3 d5 5.cxd5 exd5 6.d4 Nc6 7.Bg2 cxd4 8.Nxd4 Bb4
9.O-O O-O 10.Ncb5 a6 11.Nxc6 bxc6 12.Nd4 Bd7 13.Bf4 Re8 14.Rc1 c5 15.Nc2 Ba5
16.Ne3 d4 17.Nc4 Ra7 18.Nxa5 Qxa5 19.Qc2 Rc8 20.Rfd1 h6 21.b3 Qb6 22.e3 g5
23.Be5 d3 24.Qxd3 Ng4 25.Bb2 Bb5 26.Qd6 Qxd6 27.Rxd6 Re7 28.h3 Ne5 29.Rxh6 f6
30.Rxf6 Nd3 31.Rc2 Rd8 32.Rg6+ Kh7 33.Rxg5 Nxb2 34.Rxb2 Rd1+ 35.Kh2 Rc1 36.Rd2 Rd7
37.Be4+ Kh8 38.Rxd7 Bxd7 39.g4 a5 40.Kg3 a4 41.Bd5 Rd1 42.bxa4 Rc1 43.Rg8+ Kh7
44.Ra8 c4 45.Ra7 c3 46.Rxd7+ Kh8 47.Be4 c2 48.Bxc2 Rxc2 49.a5 Rxa2 50.Ra7  1-0

[Event "34th Rilton Cup"]
[Site "Stockholm SWE"]
[Date "2004.12.29"]
[Round "3"]
[White "Ivanov,Se1"]
[Black "Kuemin,S"]
[Result "1-0"]
[WhiteElo "2553"]
[BlackElo "2392"]

1.Nf3 Nf6 2.c4 c5 3.Nc3 e6 4.e4 d6 5.d4 cxd4 6.Nxd4 b6 7.Bd3 Bb7 8.O-O Be7
9.f4 O-O 10.f5 Nc6 11.Be3 Qd7 12.fxe6 fxe6 13.Nxc6 Bxc6 14.Qe2 Qe8 15.Bd4 Nd7
16.Nd5 exd5 17.exd5 Bf6 18.Bxf6 Nxf6 19.dxc6 Qxc6 20.Qe6+ Kh8 21.Rae1 Rae8
22.Qf5 Rxe1 23.Rxe1 Re8 24.Rxe8+ Qxe8 25.Kf2 Qf7 26.Qc8+ Ng8+ 27.Qf5 Nf6
28.Qc8+ Ng8+ 29.Ke3 g6 30.Be4 Qe7 31.Kd3 Kg7 32.Qb7 Kf6 33.Qxe7+ Kxe7 34.b4 Nf6
35.Kd4 g5 36.Bf5 h6 37.c5 bxc5+ 38.bxc5 dxc5+ 39.Kxc5 Nh5 40.a4 Nf4 41.g3 Ne2
42.Bg4 Nc3 43.a5 Ne4+ 44.Kc6 Nd2 45.Kb7 Nb3 46.Ka6 Kd6 47.Bd1 Nd4 48.Kxa7 Kc7
49.Ka6 Kc6 50.Bh5 Kc7 51.Bg6 g4 52.Bh5 Nf3 53.Bxg4 Nxh2 54.Be2 Kc6 55.g4  1-0

[Event "31st Eastern Open"]
[Site "Washington DC USA"]
[Date "2004.12.29"]
[Round "8"]
[White "Rubenchik,R"]
[Black "Negulescu,Ad"]
[Result "1-0"]
[WhiteElo "2356"]
[BlackElo "2422"]

1.Nf3 Nf6 2.c4 c5 3.Nc3 e6 4.g3 d5 5.cxd5 Nxd5 6.Bg2 Be7 7.O-O O-O 8.e4 Nb4
9.d4 cxd4 10.Nxd4 N8c6 11.Nxc6 Nxc6 12.Be3 Bf6 13.Rc1 Qa5 14.Qb3 Bd4 15.Bd2 e5
16.Rfd1 Bg4 17.Re1 Rad8 18.Bg5 Rd7 19.Nd5 Be6 20.Be3 Bxe3 21.Rxe3 Nd4 22.Qa3 Qxa3
23.bxa3 f5 24.Nb4 f4 25.Ree1 a5 26.Nd5 fxg3 27.fxg3 Nf3+ 28.Bxf3 Rxf3 29.Rc8+ Kf7
30.Rc3 Rxc3 31.Nxc3 Rd3 32.Rc1 Bd7 33.Rc2 Bc6 34.Kf2 Ke6 35.Ke2 Rd4 36.Ke3 Rc4
37.Kd3 b5 38.Rb2 Rd4+ 39.Ke3 b4 40.axb4 axb4 41.Nd5 Bxd5 42.exd5+ Kxd5 43.Rc2 e4
44.Rc8 Rd3+ 45.Ke2 Ra3 46.Rd8+ Kc4 47.Rc8+ Kd4 48.Rd8+ Kc3 49.Rd2 Kc4 50.Rc2+ Rc3
51.Rd2 h5 52.Rb2 g5 53.Rd2 g4 54.Rb2 e3 55.Kd1 Kd3 56.Rg2 b3 57.Rb2 bxa2
58.Rxa2 Rb3 59.Ra1 e2+ 60.Ke1 Ke3  1-0

[Event "Open A"]
[Site "Krakow POL"]
[Date "2005.01.04"]
[Round "9"]
[White "Wojtaszek,R"]
[Black "Solodovnichenko,Y"]
[Result "1-0"]
[WhiteElo "2536"]
[BlackElo "2516"]

1.Nf3 Nf6 2.c4 c5 3.Nc3 e6 4.g3 b6 5.Bg2 Bb7 6.O-O Be7 7.Re1 d6 8.e4 a6 9.d4 cxd4
10.Nxd4 Qc7 11.Be3 O-O 12.Rc1 Re8 13.f4 Bf8 14.b3 Nbd7 15.Rc2 g6 16.Rc1 Rad8
17.Bf2 Qb8 18.Nc2 Qa8 19.Qe2 h5 20.h3 Bh6 21.Rcd1 h4 22.Bf3 hxg3 23.Bxg3 Nf8
24.Qg2 N8h7 25.Ne3 Kh8 26.Ng4 Bg7 27.Nxf6 Bxf6 28.Rd3 e5 29.f5 gxf5 30.exf5 Bxf3
31.Qxf3 Qxf3 32.Rxf3 Ng5 33.Rff1 e4 34.Nd5 Be5 35.Bxe5+ Rxe5 36.Re3 Nf3+
37.Kh1 Nh4 38.f6 Nf5 39.Rxf5 Rxf5 40.Rxe4 Rh5 41.Nxb6 Rxh3+ 42.Kg2 Rh5 43.Nd5 Rg8+
44.Kf2 Rh2+ 45.Kf3 Kh7 46.Re7 Kg6 47.Ra7 Rgh8 48.Rxa6 R8h3+ 49.Ke4 Rh4+ 50.Kd3 R2h3+
51.Kc2 Rf3 52.Kb2 Rh2+ 53.Ka3 Rff2 54.Rxd6 Rxa2+ 55.Kb4 Rh8 56.c5 Rb8+ 57.Nb6 Rb2
58.Ka4 Rb7 59.b4 Rb1 60.Kb5 Rc7 61.Nd5 Rb7+ 62.Kc6 Rb8 63.Kc7 Ra8 64.c6 Kf5
65.Kb7 Ke5 66.Kxa8 Kxd6 67.c7 Rxb4 68.c8=Q Kxd5 69.Qd7+  1-0

[Event "112th ch-NZL"]
[Site "Wanganui NZL"]
[Date "2005.01.09"]
[Round "10"]
[White "Stuart,P"]
[Black "McDonald,Jo"]
[Result "1/2-1/2"]
[WhiteElo "2154"]
[BlackElo "2018"]

1.c4 c5 2.Nf3 Nf6 3.Nc3 d5 4.cxd5 Nxd5 5.g3 Nc6 6.Bg2 g6 7.d3 Bg7 8.Bd2 O-O
9.O-O Nc7 10.Rb1 Qd7 11.a3 b6 12.b4 cxb4 13.axb4 Bb7 14.Qb3 e5 15.Rfc1 Rfe8
16.Ne4  1/2-1/2

[Event "XXX Open"]
[Site "Seville ESP"]
[Date "2005.01.10"]
[Round "4"]
[White "Ferrer Garcia,I"]
[Black "Spraggett,K"]
[Result "0-1"]
[WhiteElo "2216"]
[BlackElo "2589"]

1.c4 Nf6 2.Nc3 c5 3.Nf3 e6 4.d4 cxd4 5.Nxd4 a6 6.g3 Qc7 7.Bg2 d6 8.O-O Be7
9.e4 O-O 10.b3 Bd7 11.Bb2 Nc6 12.Nc2 Rab8 13.Qe2 Rfe8 14.g4 h6 15.f4 Nh7
16.Kh1 Qa5 17.Rfd1 Rbd8 18.Ne3 Bc8 19.Qd2 Bf6 20.Ne2 Qxd2 21.Rxd2 Bxb2 22.Rxb2 g5
23.Rd1 Kf8 24.Rbd2 Ke7 25.f5 Nf6 26.Nd4 Ne5 27.h3 Bd7 28.Kg1 Rh8 29.Kf2 h5
30.Kg3 hxg4 31.Nxg4 Nexg4 32.hxg4 Rh4 33.fxe6 Rxg4+ 34.Kh2 fxe6 35.e5 dxe5
36.Nf3 Re4 37.Nxg5 Re3 38.Rd3 Rg8 39.Ne4 Bc6 40.Rxe3 Ng4+ 41.Kh1 Nxe3  0-1

[Event "ch-Kiev"]
[Site "Kiev UKR"]
[Date "2005.01.15"]
[Round "1"]
[White "Babiy,P"]
[Black "Moliboga,V"]
[Result "0-1"]
[WhiteElo "2061"]
[BlackElo "2314"]

1.Nf3 Nf6 2.c4 c5 3.Nc3 e6 4.g3 b6 5.Bg2 Bb7 6.O-O Be7 7.Re1 d6 8.e4 Nbd7
9.d4 cxd4 10.Nxd4 Qb8 11.b3 O-O 12.Bf4 Rd8 13.Ndb5 Ne5 14.Qe2 a6 15.Nd4 Qc7
16.Rac1 Rac8 17.Na4 Nfd7 18.Rc2 Bf6 19.Rd1 Nc5 20.Nb2 Qb8 21.Rcd2 Qa8 22.f3 g5
23.Be3 g4 24.f4 Nf3+ 25.Nxf3 gxf3 26.Qxf3 Bxe4 27.Qg4+ Kf8 28.b4 Nd7 29.f5 exf5
30.Bh6+ Ke7 31.Bxe4 Qxe4 32.Qh5 Ne5 33.Re2 Qg4 34.Qxg4 fxg4 35.Na4 Rxc4 36.Nxb6 Rc6
37.Nd5+ Ke6 38.a4 Rdc8 39.Bf4 Rc2 40.Bxe5 Bxe5 41.Nf4+ Kf5 42.Rf1 Rxe2 43.Nxe2+ Ke6
44.Rb1 Rc2 45.Kf1 Rb2 46.Rxb2 Bxb2 47.Kf2 Ba3 48.Ke3 Bxb4 49.Kf4 Kd5 50.Kxg4 Ke4
51.Kg5 d5 52.Kh6 d4 53.Kxh7 d3  0-1

[Event "ch-Kiev"]
[Site "Kiev UKR"]
[Date "2005.01.16"]
[Round "2"]
[White "Zakharchenko,A"]
[Black "Grinev,V"]
[Result "1/2-1/2"]
[WhiteElo "2292"]
[BlackElo "2118"]

1.c4 Nf6 2.Nc3 c5 3.Nf3 e6 4.g3 b6 5.Bg2 Bb7 6.O-O Be7 7.d4 cxd4 8.Qxd4 d6
9.Bg5 a6 10.Bxf6 Bxf6 11.Qd3 Qc7 12.Rfd1 Be7 13.Nd4 Bxg2 14.Kxg2 Nc6 15.Rac1 Nxd4
16.Qxd4 O-O 17.f3 Rfc8 18.b3 Qb8 19.a4 Ra7 20.Qe3 h6 21.Rd3 Rc6 22.Rcd1 Rd7
23.h4  1/2-1/2

[Event "ch-Kiev"]
[Site "Kiev UKR"]
[Date "2005.01.23"]
[Round "6"]
[White "Chichkin,V"]
[Black "Evchin,M"]
[Result "1-0"]
[WhiteElo "2311"]
[BlackElo "2248"]

1.Nf3 Nf6 2.c4 c5 3.Nc3 e6 4.d4 cxd4 5.Nxd4 a6 6.g3 Qc7 7.Bg5 Bb4 8.Bxf6 gxf6
9.Rc1 Qxc4 10.a3 Nc6 11.Nf5 Bf8 12.Bg2 Qc5 13.Nh4 Bh6 14.e3 Qe7 15.O-O d5
16.Qh5 Bg7 17.e4 dxe4 18.Bxe4 Bd7 19.Rfe1 O-O-O 20.Nf5 Qf8 21.Nxg7 Qxg7 22.b4 f5
23.Bg2 Kb8 24.b5 axb5 25.Nxb5 Na5 26.Nd6 Bc6 27.Qxf7 Qd4 28.Nxb7 Rhf8 29.Nxa5 Bxg2
30.Qc7+ Ka8 31.Kxg2 Qd5+ 32.Kg1 Rc8 33.Qb6  1-0

[Event "Corus B"]
[Site "Wijk aan Zee NED"]
[Date "2005.01.25"]
[Round "9"]
[White "Nielsen,PH"]
[Black "Ramirez,Al"]
[Result "1/2-1/2"]
[WhiteElo "2648"]
[BlackElo "2507"]

1.Nf3 Nf6 2.c4 c5 3.Nc3 g6 4.e4 Bg7 5.d4 cxd4 6.Nxd4 O-O 7.Be2 Nc6 8.Nc2 b6
9.O-O Bb7 10.Bg5 d6 11.Qd2 Rc8 12.b3 a6 13.f3 Ne5 14.Rac1 Qc7 15.Nd5 Bxd5
16.cxd5 b5 17.Be3 Qb7 18.Qa5 e6 19.dxe6 d5 20.exf7+ Nxf7 21.Nb4 dxe4 22.Qxa6 Qxa6
23.Nxa6 Nd5 24.Bc5 Bh6 25.fxe4 Bxc1 26.Rxc1 Rfe8 27.Bxb5 Rxe4 28.Bc4 Nf4
29.Rf1 Rc6 30.Bb5 Rf6 31.g3 Nd5 32.Rxf6 Nxf6 33.Bc4 Re1+ 34.Kg2 Ne4 35.a4 Nxc5
36.Nxc5 Kg7 37.a5 Nd6 38.Bd3 Ra1 39.b4 Kf6 40.a6 Ke5 41.Nb3 Ra2+ 42.Kh3 Nc8
43.Na5 Na7 44.Nb7 Kd4 45.Bf1 Rf2 46.Bg2 Kc4 47.Nd6+ Kxb4 48.Bb7 Ra2 49.Ne4 Nb5
50.Nf6 h6 51.Ng8 h5 52.Ne7 g5 53.Nd5+ Kc5 54.Nf6 g4+  1/2-1/2

[Event "Oceania zt"]
[Site "Auckland NZL"]
[Date "2005.02.03"]
[Round "7"]
[White "Gibbons,R"]
[Black "Stuart,P"]
[Result "1/2-1/2"]
[WhiteElo "2075"]
[BlackElo "2146"]

1.Nf3 c5 2.c4 Nf6 3.Nc3 e6 4.g3 b6 5.Bg2 Bb7 6.O-O Be7 7.d3 O-O 8.Qb3 d6
9.Bd2 Nbd7 10.a4 Rb8 11.Qa2 Bc6 12.Rfb1 a5 13.Nb5 Bxb5 14.axb5 Qc7 15.b3 Rbd8  1/2-1/2